000 00350cam a2200145ua 4500
041 _ahin
_h
082 _a891.54
_bVIR/KA
100 _aVirdhavan, Varma .
245 _aKachinnar /
_cVirdhavan Varma.
_hTextual Documents
260 _aJhansi :
_bMathur Prakashan ,
_c1970.
300 _a362 ; .
504 _a
942 _cBK
999 _c11751
_d11751